Представление документа в формате RUSMARC

ПолеНазваниеЗначение
  Тип записи a
  Библиографический уровень a
001 Контрольный номер RU/CBS_Ul/BASE/458235859
005 Дата корректировки 20240209175141.6
100 Данные общей обработки __
a Данные общей обработки 20140709d2014 ||| 0rusy0189 ca
101 Язык документа 0_
a Язык текста rus
102 Страна публикации __
a Страна публикации RU
105 Кодированные данные (монография) __
a Кодированные данные (монография) y###||||000|y
200 Заглавие и сведения об ответственности 1_
a Заглавие "Конституция 1993 года сегодня принята большинством населения, по ней живут и те, кто подвергал ее остракизму"
b Общее обозначение материала Текст
e Сведения, относящиеся к заглавию [интервью]
f Первые сведения об ответственности М. Митюков
300 Общие примечания __
a Общие примечания Ограничения по возрасту -16 +
461 Уровень набора _0
1 2000
a Неприкосновенный запас
463 Уровень физической единицы _0
1 001RU/CBS_Ul/BASE/449411296
1 2000
a №6
v С. 36-42.
1 210
d 2013
606 Тематические рубрики 0_
a Основная рубрика Конституция РФ
610 Ключевые слова 0_
a Ключевые слова Конституция РФ
a Ключевые слова право
a Ключевые слова конституционные права
a Ключевые слова законы
a Ключевые слова российская Конституция
686 Индексы других классификаций __
a Классификационный индекс 67.400
2 Код системы ББК
700 Автор _1
a Фамилия Митюков
b Имя (инициалы) М.
801 Источник записи _0
a Страна RU
b Организация МБУК ЦБС г. Ульяновска
c Дата составления 20140709
g Правила каталогизации RCR
801 Источник записи _1
a Страна RU
b Организация МБУК ЦБС г. Ульяновска
c Дата составления 20140709
g Правила каталогизации RCR
901 Тип документа __
t Тип документа b
w Контрольный № источника RU/CBS_Ul/BASE/449411296
910 Корректоры записи __
a Корректор записи Библиотека 8
938 Служебная информация __
a Имя БД period